书目信息 |
| 题名: |
快速定性分析
|
|
| 作者: | 韩葆玄 主编 | |
| 分册: | ||
| 出版信息: | 北京 高等教育出版社 1982 |
|
| 页数: | 153页 | |
| 开本: | 21cm | |
| 丛书名: | ||
| 单 册: | ||
| 中图分类: | O654 | |
| 科图分类: | ||
| 主题词: | 定性分析,快速 | |
| 电子资源: | ||
| ISBN: | ||
| 000 | 00618nam0 2200229 45 | |
| 001 | 0182005367 | |
| 005 | 20060818153130.85 | |
| 010 | @dCNY0.54 | |
| 091 | @a13010.0652 | |
| 100 | @a19950705d1982 em y0chiy0121 ea | |
| 101 | 0 | @achi |
| 102 | @aCN@b110000 | |
| 105 | @ay z 000yy | |
| 200 | 10 | @a快速定性分析@Akuai su ding xing fen xi@f韩葆玄主编@Fhan bao xuan zhu bian |
| 210 | @a北京@c高等教育出版社@d1982 | |
| 215 | @a153页@d21cm | |
| 606 | @a定性分析,快速 | |
| 690 | @aO654@v3 | |
| 701 | 0 | @a韩葆玄@Ahan bao xuan@4主编 |
| 801 | 0 | @aCN@b上海图书馆@c20060818 |
| 801 | 2 | @aCN@bNLC@c20060509 |
| 905 | @dO654@e44 | |
| 快速定性分析/韩葆玄主编.-北京:高等教育出版社,1982 |
| 153页;21cm |
| ISBN :CNY0.54 |
| ● |
| 相关链接 |
|
|
|
|
正题名:快速定性分析
索取号:O654/44
 
预约/预借
| 序号 | 登录号 | 条形码 | 馆藏地/架位号 | 状态 | 备注 |
| 1 | 0111414 | 202333778 | 密集书库/ [索取号:O654/44] | 在馆 | |
| 2 | 0111415 | 202333741 | 密集书库/ [索取号:O654/44] | 在馆 | |
| 3 | 0156044 | 202333769 | 密集书库/ [索取号:O654/44] | 在馆 | |
| 4 | 0156045 | 202333750 | 密集书库/ [索取号:O654/44] | 在馆 | |
| 5 | 0156046 | 202333803 | 密集书库/ [索取号:O654/44] | 在馆 | |
| 6 | 0156047 | 000630927 | 第三借阅区/ [索取号:O654/44] | 在馆 | |
| 7 | 0156048 | 001935730 | 第三借阅区/ [索取号:O654/44] | 在馆 | |
| 8 | 0468498 | 204684984 | 密集书库/ [索取号:O654/44] | 在馆 |